[Event "FB1 2223 FC Bayern München - OSG Baden-"]
[Site "?"]
[Date "2023.05.01"]
[Round "11.3"]
[White "Paehtz, Elisabeth"]
[Black "Dirmeier, Carolin"]
[Result "1/2-1/2"]
[WhiteElo "2479"]
[BlackElo "1928"]
[PlyCount "84"]
[EventDate "2023.??.??"]

1. d4 f5 2. g3 Nf6 3. Bg2 g6 4. c4 Bg7 5. Nc3 O-O 6. Nf3 d6 7. O-O c6 8. Rb1 a5 9. d5 e5 10. dxe6 Bxe6 11. b3 Nh5 12. Bg5 Qc7 13. Nd4 Bc8 14. Qd2 Na6 15. Rbd1 Nc5 16. Rfe1 Qf7 17. f3 Bd7 18. Be3 f4 19. Bf2 fxg3 20. hxg3 Be5 21. f4 g5 22. e3 gxf4 23. exf4 Bf6 24. Nde2 Bg4 25. Qxd6 Bxc3 26. Nxc3 Bxd1 27. Qxc5 Bc2 28. Nd5 Rae8 29. Ne7+ Rxe7 30. Rxe7 Qg6 31. Qg5 Qxg5 32. fxg5 Rf7 33. Re8+ Rf8 34. Re2 Bb1 35. Be1 Kf7 36. Rb2 Bf5 37. Bf3 Ng7 38. Bh5+ Nxh5 39. Rf2 Kg8 40. Re2 Ng7 41. Bxa5 Ne6 42. Bc3 Nxg5 1/2-1/2

[Event "FB1 2223 FC Bayern München - OSG Baden-"]
[Site "?"]
[Date "2023.05.01"]
[Round "11.4"]
[White "Acarbay, Algi"]
[Black "Narva, Mai"]
[Result "0-1"]
[WhiteElo "1962"]
[BlackElo "2383"]
[PlyCount "76"]
[EventDate "2023.??.??"]

1. e4 c5 2. Nf3 Nc6 3. Bb5 g6 4. Bxc6 bxc6 5. O-O Bg7 6. Re1 Qc7 7. h3 d6 8. c3 Nf6 9. d4 cxd4 10. cxd4 O-O 11. Nc3 Rb8 12. Qc2 Qb7 13. Re2 Be6 14. Be3 h6 15. Rc1 Rbc8 16. b3 Rfd8 17. Ree1 Kh7 18. Kh1 Qa6 19. Nd2 Qa5 20. Qd1 d5 21. e5 Nd7 22. f4 c5 23. Qf3 cxd4 24. Bxd4 Nc5 25. Qe3 Bf5 26. Bxc5 Qxc5 27. Qxc5 Rxc5 28. Na4 Rcc8 29. Nf3 f6 30. Rxc8 Rxc8 31. Rd1 Be4 32. exf6 Bxf6 33. Nd2 Bf5 34. Nf3 d4 35. Rd2 Rc1+ 36. Kh2 d3 37. Ne5 Rc2 38. Rd1 Be4 0-1

[Event "FB1 2223 FC Bayern München - OSG Baden-"]
[Site "?"]
[Date "2023.05.01"]
[Round "11.5"]
[White "Injac, Teodora"]
[Black "Ankerst, Milka"]
[Result "1-0"]
[WhiteElo "2402"]
[BlackElo "1925"]
[PlyCount "97"]
[EventDate "2023.??.??"]

1. Nf3 Nf6 2. c4 e6 3. g3 d5 4. d4 Bb4+ 5. Bd2 Bxd2+ 6. Nbxd2 O-O 7. Bg2 Nc6 8. O-O Bd7 9. Rc1 Qe7 10. a3 Rfd8 11. b4 dxc4 12. Nxc4 Be8 13. e3 Rac8 14. Qb3 Ne4 15. b5 Nb8 16. Nfe5 Nd6 17. a4 c6 18. Qa3 f6 19. Nxd6 Qxd6 20. Qxd6 Rxd6 21. Nc4 Rdd8 22. Na5 Rc7 23. Rc3 b6 24. Nxc6 Nxc6 25. Bxc6 Kf8 26. Rfc1 Rdc8 27. e4 e5 28. d5 Ke7 29. a5 Bg6 30. Ra3 Kd6 31. axb6 axb6 32. f3 Bh5 33. Kf2 Bf7 34. Ra6 Rb8 35. Rca1 g6 36. Ke3 f5 37. h4 h6 38. Ra8 Rcc8 39. Rxb8 Rxb8 40. Ra7 Rf8 41. Kd3 fxe4+ 42. Kxe4 g5 43. Rd7+ Kc5 44. Kxe5 gxh4 45. gxh4 Bg6 46. Rc7 Bd3 47. d6 Bxb5 48. Bxb5+ Kxb5 49. d7 1-0

[Event "FB1 2223 FC Bayern München - OSG Baden-"]
[Site "?"]
[Date "2023.05.01"]
[Round "11.6"]
[White "Spiel, Marianne"]
[Black "Heinemann, Josefine"]
[Result "0-1"]
[WhiteElo "1842"]
[BlackElo "2289"]
[PlyCount "74"]
[EventDate "2023.??.??"]

1. e4 c5 2. Nf3 d6 3. d4 cxd4 4. Nxd4 Nf6 5. Nc3 a6 6. Be3 e5 7. Nb3 Be6 8. Qd2 Nbd7 9. f3 h5 10. O-O-O Be7 11. Kb1 b5 12. Nd5 Bxd5 13. exd5 Nb6 14. Bxb6 Qxb6 15. c4 bxc4 16. Bxc4 O-O 17. Qe2 Bd8 18. Nd2 Nd7 19. Ne4 f5 20. Nc3 Bf6 21. Bb3 Qa5 22. Na4 Rfc8 23. Qd2 Qxd2 24. Rxd2 Bg5 25. Rc2 Rxc2 26. Kxc2 Kf7 27. Re1 h4 28. Kd3 Rb8 29. Re2 Rb4 30. Rc2 Rd4+ 31. Ke2 Nf6 32. Nc3 Bf4 33. h3 Nh5 34. Nd1 Bg3 35. Ke3 Kf6 36. Nc3 Nf4 37. a3 Rd3# 0-1

[Event "FB1 2223 SK Schwäbisch Hall - Schachfre"]
[Site "?"]
[Date "2023.05.01"]
[Round "11.1"]
[White "Klek, Hanna Marie"]
[Black "Javakhishvili, Lela"]
[Result "1/2-1/2"]
[WhiteElo "2325"]
[BlackElo "2446"]
[PlyCount "48"]
[EventDate "2023.??.??"]

1. e4 c5 2. Nf3 Nc6 3. d4 cxd4 4. Nxd4 e5 5. Nb5 d6 6. N1c3 a6 7. Na3 Be7 8. Nc4 b5 9. Ne3 Nf6 10. Bd3 O-O 11. O-O Nb4 12. Be2 Be6 13. a4 bxa4 14. Rxa4 a5 15. Bc4 Bxc4 16. Nxc4 Qc7 17. Qe2 Rfc8 18. b3 d5 19. Nxd5 Nfxd5 20. exd5 Nxd5 21. Bd2 Bb4 22. Bxb4 Nxb4 23. Rd1 Nc6 24. h3 Rd8 1/2-1/2

[Event "FB1 2223 SK Schwäbisch Hall - Schachfre"]
[Site "?"]
[Date "2023.05.01"]
[Round "11.2"]
[White "Batsiashvili, Nino"]
[Black "Schleining, Zoya"]
[Result "1-0"]
[WhiteElo "2467"]
[BlackElo "2331"]
[PlyCount "111"]
[EventDate "2023.??.??"]

1. c4 e5 2. Nc3 Bb4 3. Qc2 Nf6 4. Nf3 Nc6 5. Nd5 O-O 6. Nxb4 Nxb4 7. Qc3 Qe7 8. a3 Nc6 9. b4 e4 10. Nd4 Nxd4 11. Qxd4 d6 12. Bb2 c5 13. Qc3 Be6 14. bxc5 dxc5 15. e3 Rfd8 16. f3 Qf8 17. Qc2 Rd6 18. fxe4 Rad8 19. Bc3 Nd7 20. Be2 Qe7 21. e5 Nxe5 22. Bxe5 Rxd2 23. Qe4 Bd7 24. Qf4 Ba4 25. Bf3 f6 26. Bd5+ R2xd5 27. cxd5 Qxe5 28. Qxe5 fxe5 29. e4 Bc2 30. O-O Bxe4 31. Rfe1 Bd3 32. Rxe5 c4 33. Kf2 c3 34. Ke3 Bg6 35. Rc1 c2 36. h4 h5 37. Kd4 b6 38. Rg5 Kh7 39. Rxg6 Kxg6 40. Rxc2 Kf6 41. Rc7 Ra8 42. g3 g6 43. Rb7 Kf5 44. Rf7+ Kg4 45. Rg7 Kxg3 46. Rxg6+ Kxh4 47. d6 Kh3 48. Kd5 h4 49. d7 Kh2 50. Kc6 h3 51. Rd6 Kg2 52. d8=Q Rxd8 53. Rxd8 h2 54. Rg8+ Kh3 55. Rh8+ Kg2 56. Kd5 1-0

[Event "FB1 2223 SK Schwäbisch Hall - Schachfre"]
[Site "?"]
[Date "2023.05.01"]
[Round "11.3"]
[White "Belenkaya, Dina"]
[Black "Arabidze, Meri"]
[Result "0-1"]
[WhiteElo "2295"]
[BlackElo "2441"]
[PlyCount "132"]
[EventDate "2023.??.??"]

1. e4 c5 2. Nf3 e6 3. g3 d5 4. exd5 exd5 5. d4 cxd4 6. Bg2 Bb4+ 7. Nbd2 Qe7+ 8. Kf1 Nc6 9. Nb3 Nf6 10. Nbxd4 Ne4 11. Be3 O-O 12. c3 Bc5 13. Qd3 Bg4 14. Re1 Rfe8 15. Nxc6 bxc6 16. Nd4 Qf6 17. Kg1 Bd7 18. f3 Nd6 19. Kf2 Nc4 20. Re2 Ne5 21. Qd2 Ng4+ 22. Kg1 Nxe3 23. Rxe3 Rxe3 24. Qxe3 Bb6 25. Kf2 c5 26. Nb3 d4 27. Qf4 Qxf4 28. gxf4 Be6 29. cxd4 cxd4 30. Ke2 Bf5 31. Rc1 d3+ 32. Kd2 Re8 33. Re1 Rxe1 34. Kxe1 Be3 35. h3 Bxf4 36. Nc5 Be3 37. Ne4 Be6 38. b3 f5 39. Nd2 g5 40. Bf1 f4 41. Nc4 Bf5 42. Ne5 d2+ 43. Kd1 Kg7 44. Nc4 Kg6 45. Nxd2 Kh5 46. Ne4 Kh4 47. Ke2 h6 48. Nf2 h5 49. b4 Bd7 50. Ke1 Bd4 51. b5 Be6 52. a4 Bc3+ 53. Ke2 Bc4+ 54. Nd3 Kg3 55. Kd1 Bb3+ 56. Kc1 Kxf3 57. Nc5 Bd5 58. Kc2 Bd4 59. Nb3 Be3 60. a5 Bxb3+ 61. Kxb3 g4 62. hxg4 hxg4 63. Kc2 Kf2 64. Bc4 g3 65. Bd5 f3 66. Kd3 g2 0-1

[Event "FB1 2223 SK Schwäbisch Hall - Schachfre"]
[Site "?"]
[Date "2023.05.01"]
[Round "11.5"]
[White "Nebolsina, Vera"]
[Black "Buksa, Nataliya"]
[Result "1/2-1/2"]
[WhiteElo "2223"]
[BlackElo "2406"]
[PlyCount "131"]
[EventDate "2023.??.??"]

1. e4 c5 2. Nf3 Nc6 3. Bb5 g6 4. O-O Bg7 5. Re1 e5 6. c3 Nge7 7. d3 O-O 8. Be3 d6 9. h3 a6 10. Ba4 b5 11. Bc2 Bb7 12. a3 Rc8 13. Re2 Qc7 14. d4 cxd4 15. cxd4 d5 16. Nc3 dxe4 17. Nxe5 Nxe5 18. dxe5 Qxe5 19. Bxe4 Bxe4 20. Nxe4 Qxe4 21. Bg5 Qc4 22. Rc1 Rfd8 23. Qe1 Qb3 24. Rxc8 Rxc8 25. Bxe7 Bxb2 26. Kh2 Bc3 27. Qf1 Qd5 28. f4 Qd3 29. Bf6 Qc4 30. Be5 Re8 31. Qf3 f6 32. Bxf6 Qxe2 33. Qxc3 Qc4 34. Qd2 Qc6 35. Be5 Kf7 36. Qf2 Re7 37. Qh4 Ke8 38. Qg5 Kd7 39. Qg4+ Ke8 40. h4 Qe6 41. Qf3 Rd7 42. Qa8+ Ke7 43. Bc3 Qg4 44. Bb4+ Kf7 45. Qf8+ Ke6 46. Qe8+ Kd5 47. Qe5+ Kc6 48. Qf6+ Kb7 49. Ba5 Qf5 50. Qb6+ Ka8 51. Qxa6+ Kb8 52. Qb6+ Rb7 53. Qd6+ Ka7 54. Bc3 Rf7 55. Bd4+ Kb7 56. Qb6+ Kc8 57. Be5 h6 58. Qb8+ Kd7 59. Qxb5+ Kd8 60. Qb8+ Kd7 61. Qd6+ Ke8 62. Qb8+ Kd7 63. Qd6+ Ke8 64. Qb8+ Kd7 65. Qd6+ Kc8 66. Qb8+ 1/2-1/2

[Event "FB1 2223 SK Schwäbisch Hall - Schachfre"]
[Site "?"]
[Date "2023.05.01"]
[Round "11.6"]
[White "Guichard, Pauline"]
[Black "Jelica, Mara"]
[Result "1-0"]
[WhiteElo "2384"]
[BlackElo "2064"]
[PlyCount "63"]
[EventDate "2023.??.??"]

1. d4 Nf6 2. c4 g6 3. Nc3 Bg7 4. Nf3 O-O 5. Bg5 h6 6. Bh4 d6 7. e3 c5 8. d5 g5 9. Bg3 Nh5 10. Bd3 f5 11. Nd2 Nxg3 12. hxg3 e6 13. Qh5 Na6 14. g4 Nb4 15. Bb1 exd5 16. cxd5 c4 17. Nxc4 Qc7 18. Nd2 Bd7 19. O-O Be8 20. Qh3 fxg4 21. Qxg4 Bxc3 22. bxc3 Qxc3 23. Nb3 a5 24. Qe6+ Kg7 25. Qe4 Rf6 26. Rc1 Qe5 27. Rc7+ Kf8 28. Qh7 Rf7 29. Qxh6+ Kg8 30. Bh7+ Rxh7 31. Qxh7+ Kf8 32. Nd4 1-0